[Event "British Rapidplay Championship 2023"]
[Site "Mercure Bradford, Bankfield Hotel"]
[Date "2023.04.16"]
[Round "10.31"]
[White "Gorrell, Elinor"]
[Black "Singh, Adamjeet"]
[Result "1-0"]
[TimeControl "All moves in 15 minutes plus 10 second increment per move from move 1"]
[WhiteElo "1348"]
[BlackElo "1213"]

1. d4 {[%clk 00:15:18]} d5 {[%clk 00:15:18]} {[%emt 00:00:02]} 2. c4 {[%clk
00:15:27]} {[%emt 00:00:02]} c6 {[%clk 00:15:27]} {[%emt 00:00:02]} 3. Nc3
{[%clk 00:15:35]} {[%emt 00:00:02]} Nf6 {[%clk 00:15:35]} {[%emt 00:00:02]} 4.
Nf3 {[%clk 00:15:40]} {[%emt 00:00:05]} Bf5 {[%clk 00:15:43]} {[%emt 00:00:02]}
5. Bf4 {[%clk 00:15:46]} {[%emt 00:00:04]} e6 {[%clk 00:15:45]} {[%emt
00:00:08]} 6. e3 {[%clk 00:15:53]} {[%emt 00:00:03]} Nbd7 {[%clk 00:15:53]}
{[%emt 00:00:01]} 7. cxd5 {[%clk 00:15:56]} {[%emt 00:00:07]} cxd5 {[%clk
00:15:59]} {[%emt 00:00:04]} 8. Bd3 {[%clk 00:15:58]} {[%emt 00:00:09]} Bg6
{[%clk 00:16:07]} {[%emt 00:00:03]} 9. Rc1 {[%clk 00:15:40]} {[%emt 00:00:28]}
Rc8 {[%clk 00:16:12]} {[%emt 00:00:04]} 10. O-O {[%clk 00:15:46]} {[%emt
00:00:05]} Bb4 {[%clk 00:16:20]} {[%emt 00:00:01]} 11. a3 {[%clk 00:15:15]}
{[%emt 00:00:42]} Ba5 {[%clk 00:16:21]} {[%emt 00:00:07]} 12. b4 {[%clk
00:13:45]} {[%emt 00:01:42]} Bb6 {[%clk 00:16:27]} {[%emt 00:00:03]} 13. Qe2
{[%clk 00:13:38]} {[%emt 00:00:16]} Bxd3 {[%clk 00:16:18]} {[%emt 00:00:17]} 14.
Qxd3 {[%clk 00:13:46]} {[%emt 00:00:04]} O-O {[%clk 00:16:22]} {[%emt
00:00:05]} 15. Ne5 {[%clk 00:12:54]} {[%emt 00:01:03]} Re8 {[%clk 00:14:49]}
{[%emt 00:01:43]} 16. Na4 {[%clk 00:12:31]} {[%emt 00:00:33]} Rxc1 {[%clk
00:14:19]} {[%emt 00:00:39]} 17. Rxc1 {[%clk 00:12:39]} {[%emt 00:00:03]} Ne4
{[%clk 00:13:55]} {[%emt 00:00:34]} 18. Nxd7 {[%clk 00:11:58]} {[%emt
00:00:51]} Qxd7 {[%clk 00:13:58]} {[%emt 00:00:07]} 19. Nxb6 {[%clk 00:12:01]}
{[%emt 00:00:07]} axb6 {[%clk 00:14:05]} {[%emt 00:00:03]} 20. Rc7 {[%clk
00:11:48]} {[%emt 00:00:23]} Qd8 {[%clk 00:13:54]} {[%emt 00:00:18]} 21. Rxb7
{[%clk 00:11:51]} {[%emt 00:00:10]} Qc8 {[%clk 00:13:44]} {[%emt 00:00:19]} 22.
Rc7 {[%clk 00:11:45]} {[%emt 00:00:17]} Qd8 {[%clk 00:13:53]} {[%emt 00:00:02]}
23. Rc1 {[%clk 00:11:42]} {[%emt 00:00:12]} f6 {[%clk 00:13:46]} {[%emt
00:00:12]} 24. Rc2 {[%clk 00:10:21]} {[%emt 00:01:36]} e5 {[%clk 00:13:42]}
{[%emt 00:00:13]} 25. Bg3 {[%clk 00:09:09]} {[%emt 00:01:23]} exd4 {[%clk
00:13:28]} {[%emt 00:00:24]} 26. Qxd4 {[%clk 00:08:54]} {[%emt 00:00:26]} Qa8
{[%clk 00:12:50]} {[%emt 00:00:39]} 27. Qxb6 {[%clk 00:08:06]} {[%emt
00:01:06]} Qxa3 {[%clk 00:12:52]} {[%emt 00:00:07]} 28. Qc6 {[%clk 00:07:08]}
{[%emt 00:01:08]} Re7 {[%clk 00:11:05]} {[%emt 00:01:56]} 29. Qxd5+ {[%clk
00:06:45]} {[%emt 00:00:35]} Kf8 {[%clk 00:10:49]} {[%emt 00:00:21]} 30. Rc8+
{[%clk 00:06:00]} {[%emt 00:01:00]} Re8 {[%clk 00:10:44]} {[%emt 00:00:14]} 31.
Bd6+ {[%clk 00:05:24]} {[%emt 00:00:47]} Nxd6 {[%clk 00:10:46]} {[%emt
00:00:07]} 32. Qxd6+ {[%clk 00:05:32]} {[%emt 00:00:03]} Kf7 {[%clk 00:10:51]}
{[%emt 00:00:04]} 33. Qd7+ {[%emt 00:00:11]} Kg6 {[%clk 00:10:51]} {[%emt
00:00:04]} 34. Qxe8+ {[%clk 00:05:36]} {[%emt 00:00:12]} Kh6 {[%clk 00:10:59]}
{[%emt 00:00:01]} 35. h3 {[%clk 00:05:26]} {[%emt 00:00:21]} Qxb4 {[%clk
00:10:51]} {[%emt 00:00:17]} 36. Qd7 {[%clk 00:05:04]} {[%emt 00:00:33]} Qb1+
{[%clk 00:10:46]} {[%emt 00:00:13]} 37. Kh2 {[%clk 00:05:12]} {[%emt 00:00:03]}
Qb2 {[%clk 00:10:49]} {[%emt 00:00:07]} 38. Qf5 {[%clk 00:04:40]} {[%emt
00:00:42]} 1-0

[Event "British Rapidplay Championship 2023"]
[Site "Mercure Bradford, Bankfield Hotel"]
[Date "2023.04.16"]
[Round "11.1"]
[White "Johnson, Simon"]
[Black "Jackman, Matthew"]
[Result "0-1"]
[TimeControl "All moves in 15 minutes plus 10 second increment per move from move 1"]
[WhiteElo "1834"]
[BlackElo "2053"]

1. d4 {[%clk 00:15:18]} {[%emt 00:00:01]} Nf6 {[%clk 00:15:19]} {[%emt
00:00:01]} 2. c4 {[%clk 00:15:27]} {[%emt 00:00:02]} c5 {[%clk 00:15:27]}
{[%emt 00:00:01]} 3. d5 {[%clk 00:15:36]} {[%emt 00:00:02]} e6 {[%clk
00:15:36]} {[%emt 00:00:01]} 4. Nc3 {[%clk 00:15:41]} {[%emt 00:00:05]} exd5
{[%clk 00:15:44]} {[%emt 00:00:02]} 5. cxd5 {[%clk 00:15:42]} {[%emt 00:00:08]}
d6 {[%clk 00:15:51]} {[%emt 00:00:02]} 6. e4 {[%clk 00:15:25]} {[%emt
00:00:28]} g6 {[%clk 00:15:59]} {[%emt 00:00:01]} 7. Nf3 {[%clk 00:15:29]}
{[%emt 00:00:07]} Bg4 {[%clk 00:16:07]} {[%emt 00:00:02]} 8. h3 {[%clk
00:15:21]} {[%emt 00:00:18]} Bxf3 {[%clk 00:16:15]} {[%emt 00:00:02]} 9. Qxf3
{[%clk 00:15:29]} {[%emt 00:00:02]} Bg7 {[%clk 00:16:24]} {[%emt 00:00:02]} 10.
Bc4 {[%clk 00:14:38]} {[%emt 00:01:01]} O-O {[%clk 00:16:30]} {[%emt 00:00:03]}
11. Bf4 {[%clk 00:14:33]} {[%emt 00:00:16]} a6 {[%clk 00:16:30]} {[%emt
00:00:10]} 12. a4 {[%clk 00:14:40]} {[%emt 00:00:03]} Qc7 {[%clk 00:16:31]}
{[%emt 00:00:08]} 13. O-O {[%clk 00:14:39]} {[%emt 00:00:11]} Nfd7 {[%clk
00:16:38]} {[%emt 00:00:03]} 14. Qg3 {[%clk 00:13:12]} {[%emt 00:01:37]} Ne5
{[%clk 00:16:45]} {[%emt 00:00:03]} 15. Be2 {[%clk 00:13:14]} {[%emt 00:00:08]}
Nbd7 {[%clk 00:16:50]} {[%emt 00:00:05]} 16. a5 {[%clk 00:12:40]} {[%emt
00:00:44]} b5 {[%clk 00:16:01]} {[%emt 00:00:59]} 17. axb6 {[%clk 00:12:45]}
{[%emt 00:00:06]} Qxb6 {[%clk 00:16:09]} {[%emt 00:00:01]} 18. Ra2 {[%clk
00:12:05]} {[%emt 00:00:51]} c4 {[%clk 00:14:17]} {[%emt 00:02:02]} 19. Rfa1
{[%clk 00:11:12]} {[%emt 00:01:03]} Nc5 {[%clk 00:14:20]} {[%emt 00:00:07]} 20.
Bf1 {[%clk 00:10:44]} {[%emt 00:00:37]} f5 {[%clk 00:12:40]} {[%emt 00:01:50]}
21. Be3 {[%clk 00:10:16]} {[%emt 00:00:38]} f4 {[%clk 00:11:26]} {[%emt
00:01:24]} 22. Bxc5 {[%clk 00:10:18]} {[%emt 00:00:08]} Qxc5 {[%clk 00:11:16]}
{[%emt 00:00:20]} 23. Qg5 {[%clk 00:09:55]} {[%emt 00:00:34]} h6 {[%clk
00:10:48]} {[%emt 00:00:38]} 24. Qe7 {[%clk 00:09:45]} {[%emt 00:00:20]} Rf7
{[%clk 00:10:48]} {[%emt 00:00:10]} 25. Qe6 {[%clk 00:09:45]} {[%emt 00:00:10]}
a5 {[%clk 00:08:35]} {[%emt 00:02:23]} 26. Na4 {[%clk 00:07:48]} {[%emt
00:02:07]} Qc7 {[%clk 00:08:33]} {[%emt 00:00:11]} 27. Rc1 {[%clk 00:07:14]}
{[%emt 00:00:44]} Kh7 {[%clk 00:07:59]} {[%emt 00:00:44]} 28. h4 {[%clk
00:06:45]} {[%emt 00:00:39]} g5 {[%clk 00:07:20]} {[%emt 00:00:49]} 29. hxg5
{[%clk 00:06:17]} {[%emt 00:00:39]} hxg5 {[%clk 00:07:28]} {[%emt 00:00:02]} 30.
Raa1 {[%clk 00:04:54]} {[%emt 00:01:32]} Rf6 {[%clk 00:07:29]} {[%emt
00:00:09]} 31. Qh3+ {[%clk 00:04:57]} {[%emt 00:00:07]} Kg6 {[%clk 00:07:37]}
{[%emt 00:00:02]} 32. Qc3 {[%clk 00:04:11]} {[%emt 00:00:56]} g4 {[%clk
00:06:05]} {[%emt 00:01:42]} 33. Bxc4 {[%clk 00:03:57]} {[%emt 00:00:24]} g3
{[%clk 00:06:13]} {[%emt 00:00:02]} 34. fxg3 {[%clk 00:03:46]} {[%emt
00:00:21]} Qa7+ {[%clk 00:06:19]} {[%emt 00:00:04]} 35. Kf1 {[%clk 00:03:39]}
{[%emt 00:00:16]} fxg3+ {[%clk 00:06:23]} {[%emt 00:00:06]} 36. Ke1 {[%clk
00:03:45]} {[%emt 00:00:04]} Qg1+ {[%clk 00:05:34]} {[%emt 00:00:59]} 37. Kd2
{[%clk 00:03:49]} {[%emt 00:00:07]} Qxg2+ {[%clk 00:05:34]} {[%emt 00:00:10]}
38. Be2 {[%clk 00:03:49]} {[%emt 00:00:10]} Rf2 {[%clk 00:05:23]} {[%emt
00:00:21]} 39. Qe3 {[%clk 00:03:28]} {[%emt 00:00:32]} Bh6 {[%clk 00:05:23]}
{[%emt 00:00:09]} 0-1

[Event "British Rapidplay Championship 2023"]
[Site "Mercure Bradford, Bankfield Hotel"]
[Date "2023.04.16"]
[Round "11.2"]
[White "Fava, Lorenzo"]
[Black "Brencher, Paul"]
[Result "1-0"]
[TimeControl "All moves in 15 minutes plus 10 second increment per move from move 1"]
[WhiteElo "1875"]
[BlackElo "2022"]

1. d4 {[%clk 00:15:19]} {[%emt 00:00:01]} e6 {[%clk 00:15:17]} {[%emt
00:00:04]} 2. Bf4 {[%clk 00:15:21]} {[%emt 00:00:07]} Nf6 {[%clk 00:15:22]}
{[%emt 00:00:04]} 3. e3 {[%clk 00:15:30]} {[%emt 00:00:03]} b6 {[%clk
00:15:27]} {[%emt 00:00:05]} 4. Nf3 {[%clk 00:15:34]} {[%emt 00:00:05]} Bb7
{[%clk 00:15:36]} {[%emt 00:00:02]} 5. Nbd2 {[%clk 00:15:41]} {[%emt 00:00:02]}
Ne4 {[%clk 00:14:14]} {[%emt 00:01:32]} 6. Nxe4 {[%clk 00:15:49]} {[%emt
00:00:02]} Bxe4 {[%clk 00:14:23]} 7. Nd2 {[%clk 00:15:57]} {[%emt 00:00:02]}
Bb7 {[%clk 00:14:30]} {[%emt 00:00:03]} 8. e4 {[%clk 00:16:01]} {[%emt
00:00:07]} Be7 {[%clk 00:14:27]} {[%emt 00:00:11]} 9. Bd3 {[%clk 00:16:09]}
{[%emt 00:00:03]} d6 {[%clk 00:13:17]} {[%emt 00:01:20]} 10. c3 {[%clk
00:16:03]} {[%emt 00:00:16]} Bg5 {[%clk 00:11:46]} {[%emt 00:01:41]} 11. Bg3
{[%clk 00:15:57]} {[%emt 00:00:16]} Bh4 {[%clk 00:09:42]} {[%emt 00:02:15]} 12.
Qg4 {[%clk 00:15:23]} {[%emt 00:00:44]} Bf6 {[%clk 00:06:03]} {[%emt 00:03:49]}
13. f4 {[%clk 00:15:16]} {[%emt 00:00:17]} e5 {[%clk 00:05:58]} {[%emt
00:00:15]} 14. fxe5 {[%clk 00:12:31]} {[%emt 00:02:53]} dxe5 {[%clk 00:06:03]}
{[%emt 00:00:06]} 15. d5 {[%clk 00:11:52]} {[%emt 00:00:49]} O-O {[%clk
00:05:00]} {[%emt 00:01:13]} 16. O-O {[%clk 00:11:20]} {[%emt 00:00:42]} Bc8
{[%clk 00:04:15]} {[%emt 00:00:56]} 17. Qf3 {[%clk 00:11:05]} {[%emt 00:00:24]}
Qe7 {[%clk 00:04:15]} {[%emt 00:00:11]} 18. Nc4 {[%clk 00:10:54]} {[%emt
00:00:20]} Nd7 {[%clk 00:04:16]} {[%emt 00:00:09]} 19. Rad1 {[%clk 00:09:03]}
{[%emt 00:02:00]} g6 {[%clk 00:03:31]} {[%emt 00:00:56]} 20. Ne3 {[%clk
00:07:35]} {[%emt 00:01:38]} Bg7 {[%clk 00:03:34]} {[%emt 00:00:08]} 21. Bb5
{[%clk 00:07:12]} {[%emt 00:00:32]} Qc5 {[%clk 00:02:11]} {[%emt 00:01:34]} 22.
Bc6 {[%clk 00:06:50]} {[%emt 00:00:31]} Rb8 {[%clk 00:02:16]} {[%emt 00:00:05]}
23. Bf2 {[%clk 00:06:40]} {[%emt 00:00:19]} Qe7 {[%clk 00:02:15]} {[%emt
00:00:11]} 24. b4 {[%clk 00:05:41]} {[%emt 00:01:10]} Nf6 {[%clk 00:01:57]}
{[%emt 00:00:29]} 25. Bh4 {[%clk 00:05:33]} {[%emt 00:00:17]} Qd6 {[%clk
00:00:25]} {[%emt 00:01:42]} 26. Bxf6 {[%clk 00:05:39]} {[%emt 00:00:04]} Ba6
{[%clk 00:00:27]} {[%emt 00:00:08]} 27. Rf2 {[%clk 00:05:16]} {[%emt 00:00:32]}
Bxf6 {[%clk 00:00:22]} {[%emt 00:00:16]} 28. Qxf6 {[%clk 00:05:24]} {[%emt
00:00:02]} Qxf6 {[%clk 00:00:20]} {[%emt 00:00:12]} 29. Rxf6 {[%clk 00:05:32]}
{[%emt 00:00:01]} Kg7 {[%clk 00:00:30]} 30. Rf2 {[%clk 00:05:34]} {[%emt
00:00:10]} Rbd8 {[%clk 00:00:29]} {[%emt 00:00:10]} 31. b5 {[%clk 00:05:42]}
{[%emt 00:00:02]} Bc8 {[%clk 00:00:38]} {[%emt 00:00:01]} 32. Nc4 {[%clk
00:05:22]} {[%emt 00:00:30]} f6 {[%clk 00:00:43]} {[%emt 00:00:05]} 33. Rfd2
{[%clk 00:05:06]} {[%emt 00:00:25]} Bg4 {[%clk 00:00:50]} {[%emt 00:00:03]} 34.
Rf1 {[%clk 00:05:13]} {[%emt 00:00:03]} h5 {[%clk 00:00:36]} {[%emt 00:00:24]}
35. h3 {[%clk 00:05:22]} {[%emt 00:00:01]} Bc8 {[%clk 00:00:45]} {[%emt
00:00:02]} 36. Rfd1 {[%clk 00:05:10]} {[%emt 00:00:22]} h4 {[%clk 00:00:28]}
{[%emt 00:00:27]} 37. d6 {[%clk 00:05:18]} {[%emt 00:00:02]} Be6 {[%clk
00:00:26]} {[%emt 00:00:12]} 38. Ne3 {[%clk 00:04:59]} {[%emt 00:00:29]} cxd6
{[%clk 00:00:13]} {[%emt 00:00:23]} 39. Rxd6 {[%clk 00:05:07]} {[%emt
00:00:01]} Rxd6 {[%clk 00:00:21]} {[%emt 00:00:03]} 40. Rxd6 {[%clk 00:05:16]}
{[%emt 00:00:01]} Bxa2 {[%clk 00:00:30]} {[%emt 00:00:02]} 41. Rd7+ {[%clk
00:05:12]} {[%emt 00:00:13]} Kh6 {[%clk 00:00:39]} 42. Rxa7 {[%clk 00:05:09]}
{[%emt 00:00:13]} Bb1 {[%clk 00:00:17]} {[%emt 00:00:33]} 43. Rb7 {[%clk
00:04:59]} {[%emt 00:00:20]} Kg5 {[%clk 00:00:26]} {[%emt 00:00:01]} 44. Rxb6
{[%clk 00:04:46]} {[%emt 00:00:23]} Kf4 {[%clk 00:00:34]} {[%emt 00:00:03]} 45.
Nf1 {[%clk 00:02:40]} {[%emt 00:02:16]} Rd8 {[%clk 00:00:23]} {[%emt 00:00:21]}
46. Bd5 {[%clk 00:02:44]} {[%emt 00:00:05]} Bxe4 {[%clk 00:00:13]} {[%emt
00:00:20]} 47. Bxe4 {[%clk 00:02:51]} {[%emt 00:00:03]} Kxe4 {[%clk 00:00:22]}
{[%emt 00:00:01]} 48. Rxf6 {[%clk 00:03:00]} g5 {[%clk 00:00:17]} {[%emt
00:00:15]} 49. Rg6 {[%clk 00:02:48]} {[%emt 00:00:22]} Kf5 {[%clk 00:00:23]}
{[%emt 00:00:04]} 50. Rc6 {[%clk 00:02:56]} {[%emt 00:00:02]} Kf4 {[%clk
00:00:20]} {[%emt 00:00:13]} 51. b6 {[%clk 00:02:49]} {[%emt 00:00:18]} e4
{[%clk 00:00:29]} 52. b7 {[%clk 00:02:54]} {[%emt 00:00:05]} Rb8 {[%clk
00:00:20]} {[%emt 00:00:19]} 53. Rc7 {[%clk 00:02:56]} {[%emt 00:00:07]} e3
{[%clk 00:00:19]} {[%emt 00:00:12]} 54. Rf7+ {[%clk 00:03:05]} Ke4 {[%clk
00:00:14]} {[%emt 00:00:14]} 55. Re7+ {[%clk 00:03:14]} Kf4 {[%clk 00:00:19]}
{[%emt 00:00:05]} 56. Nxe3 {[%clk 00:03:16]} {[%emt 00:00:08]} Kg3 {[%clk
00:00:21]} {[%emt 00:00:09]} 57. Re4 {[%clk 00:03:18]} {[%emt 00:00:07]} Rxb7
{[%clk 00:00:17]} {[%emt 00:00:15]} 58. Rg4# {[%clk 00:03:27]} 1-0

[Event "British Rapidplay Championship 2023"]
[Site "Mercure Bradford, Bankfield Hotel"]
[Date "2023.04.16"]
[Round "11.4"]
[White "Donahue, Randolph E"]
[Black "Pink, Joshua"]
[Result "0-1"]
[TimeControl "All moves in 15 minutes plus 10 second increment per move from move 1"]
[WhiteElo "1722"]
[BlackElo "1988"]

1. e4 {[%emt 00:00:01]} e5 {[%emt 00:00:20]} 2. Bc4 {[%clk 00:14:55]} {[%emt
00:00:03]} Nc6 {[%clk 00:15:19]} {[%emt 00:00:02]} 3. Nf3 {[%clk 00:15:02]}
{[%emt 00:00:02]} Nf6 {[%clk 00:15:28]} 4. d4 {[%clk 00:15:02]} {[%emt
00:00:10]} exd4 {[%clk 00:15:33]} {[%emt 00:00:05]} 5. O-O {[%clk 00:15:07]}
{[%emt 00:00:05]} d6 {[%clk 00:15:32]} {[%emt 00:00:12]} 6. Ng5 {[%clk
00:14:34]} {[%emt 00:00:42]} Ne5 {[%clk 00:15:35]} {[%emt 00:00:07]} 7. Bb3
{[%clk 00:12:26]} {[%emt 00:02:19]} h6 {[%clk 00:15:34]} {[%emt 00:00:10]} 8.
Nf3 {[%clk 00:12:33]} {[%emt 00:00:03]} Bg4 {[%clk 00:15:43]} {[%emt 00:00:01]}
9. Nbd2 {[%clk 00:12:29]} {[%emt 00:00:15]} Be7 {[%clk 00:15:41]} {[%emt
00:00:11]} 10. h3 {[%clk 00:12:37]} {[%emt 00:00:02]} Bh5 {[%clk 00:15:50]}
{[%emt 00:00:01]} 11. g4 {[%clk 00:11:37]} {[%emt 00:01:10]} Nfxg4 {[%clk
00:15:50]} {[%emt 00:00:10]} 12. Nxe5 {[%clk 00:11:38]} {[%emt 00:00:09]} dxe5
{[%clk 00:14:52]} {[%emt 00:01:08]} 13. hxg4 {[%clk 00:11:41]} {[%emt
00:00:07]} Bg6 {[%clk 00:15:00]} 14. Nf3 {[%clk 00:11:08]} {[%emt 00:00:44]}
Bd6 {[%clk 00:14:52]} {[%emt 00:00:18]} 15. Qe2 {[%clk 00:11:08]} {[%emt
00:00:10]} Qd7 {[%clk 00:14:57]} {[%emt 00:00:06]} 16. Nh2 {[%clk 00:11:14]}
{[%emt 00:00:03]} h5 {[%clk 00:14:48]} {[%emt 00:00:19]} 17. g5 {[%clk
00:11:10]} {[%emt 00:00:14]} O-O-O {[%clk 00:14:51]} {[%emt 00:00:07]} 18. f3
{[%clk 00:11:13]} {[%emt 00:00:08]} Kb8 {[%clk 00:14:57]} {[%emt 00:00:04]} 19.
a4 {[%clk 00:10:43]} {[%emt 00:00:40]} f6 {[%clk 00:15:05]} {[%emt 00:00:01]}
20. Qb5 {[%clk 00:09:49]} {[%emt 00:01:05]} c6 {[%clk 00:14:51]} {[%emt
00:00:24]} 21. Qc4 {[%clk 00:09:57]} {[%emt 00:00:02]} Rde8 {[%clk 00:14:39]}
{[%emt 00:00:20]} 22. a5 {[%clk 00:09:14]} {[%emt 00:00:54]} fxg5 {[%clk
00:14:32]} {[%emt 00:00:17]} 23. Bxg5 {[%clk 00:09:05]} {[%emt 00:00:20]} Rhf8
{[%clk 00:14:23]} {[%emt 00:00:18]} 24. a6 {[%clk 00:09:08]} {[%emt 00:00:07]}
b6 {[%clk 00:14:32]} {[%emt 00:00:01]} 25. Qa4 {[%clk 00:08:25]} {[%emt
00:00:53]} Bc5 {[%clk 00:14:17]} {[%emt 00:00:25]} 26. Kg2 {[%clk 00:08:17]}
{[%emt 00:00:18]} h4 {[%clk 00:14:14]} {[%emt 00:00:13]} 27. Bd5 {[%clk
00:08:11]} {[%emt 00:00:16]} Kc7 {[%clk 00:14:21]} {[%emt 00:00:03]} 28. b4
{[%clk 00:08:13]} {[%emt 00:00:07]} h3+ {[%clk 00:14:27]} {[%emt 00:00:05]} 29.
Kh1 {[%clk 00:08:22]} b5 {[%clk 00:14:20]} {[%emt 00:00:17]} 30. Qa5+ {[%clk
00:08:05]} {[%emt 00:00:28]} Bb6 {[%clk 00:14:29]} {[%emt 00:00:01]} 31. Qa2
{[%clk 00:08:14]} {[%emt 00:00:01]} cxd5 {[%clk 00:14:25]} {[%emt 00:00:13]} 32.
exd5 {[%clk 00:07:03]} {[%emt 00:01:22]} e4 {[%clk 00:14:17]} {[%emt 00:00:18]}
33. f4 {[%clk 00:06:34]} {[%emt 00:00:39]} e3 {[%clk 00:14:13]} {[%emt
00:00:14]} 34. f5 {[%clk 00:06:42]} {[%emt 00:00:02]} Rxf5 {[%clk 00:14:06]}
{[%emt 00:00:16]} 35. Rxf5 {[%clk 00:06:30]} {[%emt 00:00:22]} Qxf5 {[%clk
00:14:08]} {[%emt 00:00:08]} 36. d6+ {[%clk 00:06:38]} {[%emt 00:00:02]} Kxd6
{[%clk 00:14:03]} {[%emt 00:00:15]} 37. c4 {[%clk 00:05:31]} {[%emt 00:01:18]}
bxc4 {[%clk 00:13:43]} {[%emt 00:00:30]} 38. Rf1 {[%clk 00:04:20]} {[%emt
00:01:20]} Qe4+ {[%clk 00:13:37]} {[%emt 00:00:15]} 39. Kg1 {[%clk 00:04:30]}
{[%emt 00:00:02]} Qg2+ {[%clk 00:13:45]} {[%emt 00:00:02]} 40. Qxg2 {[%clk
00:04:37]} {[%emt 00:00:02]} hxg2 {[%clk 00:13:53]} {[%emt 00:00:02]} 41. Kxg2
{[%clk 00:04:46]} {[%emt 00:00:01]} e2 {[%clk 00:13:57]} {[%emt 00:00:05]} 42.
Bf4+ {[%clk 00:04:40]} {[%emt 00:00:17]} Kc6 {[%clk 00:14:01]} {[%emt
00:00:06]} 43. Re1 {[%clk 00:04:45]} {[%emt 00:00:05]} d3 {[%clk 00:14:09]}
{[%emt 00:00:02]} 44. Nf3 {[%clk 00:04:49]} {[%emt 00:00:06]} Be4 {[%clk
00:14:17]} {[%emt 00:00:03]} 45. Kg3 {[%clk 00:04:49]} {[%emt 00:00:09]} Bxf3
{[%clk 00:14:24]} {[%emt 00:00:03]} 46. Kxf3 {[%clk 00:04:58]} {[%emt
00:00:02]} Rf8 {[%clk 00:14:33]} {[%emt 00:00:01]} 47. Kg3 {[%clk 00:04:58]}
{[%emt 00:00:04]} Bf2+ {[%clk 00:14:38]} {[%emt 00:00:10]} 48. Kxf2 {[%clk
00:05:04]} {[%emt 00:00:04]} Rxf4+ {[%clk 00:14:46]} {[%emt 00:00:01]} 49. Ke3
{[%clk 00:05:13]} {[%emt 00:00:02]} Rf1 {[%clk 00:14:55]} 50. Kd2 {[%clk
00:05:23]} {[%emt 00:00:01]} Rxe1 {[%clk 00:15:03]} {[%emt 00:00:01]} 51. Kxe1
{[%clk 00:05:32]} {[%emt 00:00:01]} c3 {[%clk 00:15:10]} {[%emt 00:00:04]} 0-1

[Event "British Rapidplay Championship 2023"]
[Site "Mercure Bradford, Bankfield Hotel"]
[Date "2023.04.16"]
[Round "11.6"]
[White "Lloyd, Stephen M"]
[Black "Mata, Andrew B"]
[Result "1-0"]
[TimeControl "All moves in 15 minutes plus 10 second increment per move from move 1"]
[WhiteElo "1579"]
[BlackElo "1912"]

1. d4 {[%clk 00:15:18]} {[%emt 00:00:01]} Nf6 {[%clk 00:15:16]} {[%emt
00:00:04]} 2. Nf3 {[%clk 00:15:25]} {[%emt 00:00:03]} e6 {[%clk 00:15:14]}
{[%emt 00:00:12]} 3. e3 {[%clk 00:15:34]} {[%emt 00:00:02]} d5 {[%clk
00:15:10]} {[%emt 00:00:14]} 4. Bd3 {[%clk 00:15:39]} {[%emt 00:00:04]} c5
{[%clk 00:15:01]} {[%emt 00:00:19]} 5. O-O {[%clk 00:15:39]} {[%emt 00:00:09]}
Nc6 {[%clk 00:15:09]} {[%emt 00:00:03]} 6. b3 {[%clk 00:15:47]} {[%emt
00:00:02]} Be7 {[%clk 00:14:36]} {[%emt 00:00:43]} 7. Nbd2 {[%clk 00:15:42]}
{[%emt 00:00:15]} O-O {[%clk 00:14:36]} {[%emt 00:00:10]} 8. Bb2 {[%clk
00:15:48]} {[%emt 00:00:05]} cxd4 {[%clk 00:13:11]} {[%emt 00:01:34]} 9. exd4
{[%clk 00:15:54]} {[%emt 00:00:05]} Qc7 {[%clk 00:12:49]} {[%emt 00:00:32]} 10.
a3 {[%clk 00:15:53]} {[%emt 00:00:11]} b6 {[%clk 00:11:22]} {[%emt 00:01:37]}
11. Ne5 {[%clk 00:15:49]} {[%emt 00:00:13]} Bb7 {[%clk 00:10:21]} {[%emt
00:01:12]} 12. Qe2 {[%clk 00:15:26]} {[%emt 00:00:32]} Rfd8 {[%clk 00:08:50]}
{[%emt 00:01:41]} 13. Ndf3 {[%clk 00:15:10]} {[%emt 00:00:25]} Bd6 {[%clk
00:07:33]} {[%emt 00:01:27]} 14. Rfe1 {[%clk 00:14:11]} {[%emt 00:01:10]} Re8
{[%clk 00:07:39]} {[%emt 00:00:05]} 15. Ng5 {[%clk 00:13:27]} {[%emt 00:00:54]}
Re7 {[%clk 00:06:46]} {[%emt 00:01:02]} 16. Nexf7 {[%clk 00:09:28]} {[%emt
00:04:10]} Rxf7 {[%clk 00:06:54]} {[%emt 00:00:02]} 17. Nxf7 {[%clk 00:09:28]}
{[%emt 00:00:10]} Kxf7 {[%clk 00:06:41]} {[%emt 00:00:22]} 18. Qxe6+ {[%clk
00:09:25]} {[%emt 00:00:13]} Kf8 {[%clk 00:06:50]} {[%emt 00:00:02]} 19. Qh3
{[%clk 00:08:53]} {[%emt 00:00:41]} Kg8 {[%clk 00:05:50]} {[%emt 00:01:11]} 20.
c4 {[%clk 00:07:30]} {[%emt 00:01:33]} Ne7 {[%clk 00:04:56]} {[%emt 00:01:03]}
21. c5 {[%clk 00:05:10]} {[%emt 00:02:30]} Bf4 {[%clk 00:03:43]} {[%emt
00:01:23]} 22. Bc1 {[%clk 00:04:13]} {[%emt 00:01:07]} Re8 {[%clk 00:02:07]}
{[%emt 00:01:46]} 23. Qe6+ {[%clk 00:02:31]} {[%emt 00:01:52]} Kh8 {[%clk
00:01:57]} {[%emt 00:00:21]} 24. cxb6 {[%clk 00:02:20]} {[%emt 00:00:20]} axb6
{[%clk 00:01:58]} {[%emt 00:00:09]} 25. Bb5 {[%clk 00:01:16]} {[%emt 00:01:14]}
Bc8 {[%clk 00:00:49]} {[%emt 00:01:19]} 26. Qf7 {[%clk 00:00:58]} {[%emt
00:00:28]} 1-0